000 00322nam a2200133 i 4500
001 bg
100 1 _aLUBELSKI, Karol.
245 0 _aElektrotechnika teoretyczna.
_nCz.6 /
_cKarol Lubelski.
260 _aCzęstochowa,
_c1982.
040 _cBPK
041 _apol
942 _cKS
008 s pl f |000 0 pol
999 _c22140
_d22140
856 _uhttp://koha.tu.koszalin.pl/cgi-bin/koha/opac-detail.pl?biblionumber=22140
_yKatalog online BPK